<?xml version="1.0" encoding="UTF-8"?>
<record
    xmlns:xsi="http://www.w3.org/2001/XMLSchema-instance"
    xsi:schemaLocation="http://www.loc.gov/MARC21/slim http://www.loc.gov/standards/marcxml/schema/MARC21slim.xsd"
    xmlns="http://www.loc.gov/MARC21/slim">

  <leader>00586nam a22001817a 4500</leader>
  <controlfield tag="003">UA-OsUOA</controlfield>
  <controlfield tag="001"> 15201 </controlfield>
  <controlfield tag="007">ta</controlfield>
  <controlfield tag="008">20031102b un ||||| |||| 00| 0 ukr d</controlfield>
  <datafield tag="100" ind1=" " ind2=" ">
    <subfield code="a">&#x420;&#x43E;&#x43C;&#x430;&#x43D;&#x43A;&#x435;&#x432;&#x438;&#x447; &#x41C;.</subfield>
  </datafield>
  <datafield tag="942" ind1=" " ind2=" ">
    <subfield code="c">SA</subfield>
  </datafield>
  <datafield tag="040" ind1=" " ind2=" ">
    <subfield code="a">UA-OsUOA</subfield>
    <subfield code="c">UA-OsUOA</subfield>
    <subfield code="d">UA-OsUOA</subfield>
  </datafield>
  <datafield tag="245" ind1=" " ind2=" ">
    <subfield code="a">&#x41F;&#x435;&#x440;&#x448;&#x430;-&#x432;&#x43F;&#x435;&#x440;&#x448;&#x435;</subfield>
    <subfield code="b">[&#x41F;&#x440;&#x43E; &#x432;&#x438;&#x441;&#x442;&#x443;&#x43F; &#x44E;&#x43D;&#x438;&#x445; &#x440;&#x456;&#x432;&#x43D;&#x435;&#x43D;. &#x434;&#x437;&#x44E;&#x434;&#x43E;&#x457;&#x441;&#x442;&#x43E;&#x43A; &#x43D;&#x430; &#x447;&#x435;&#x43C;&#x43F;&#x456;&#x43E;&#x43D;&#x430;&#x442;&#x456; &#x404;&#x432;&#x440;&#x43E;&#x43F;&#x438; &#x441;&#x435;&#x440;&#x435;&#x434; &#x43A;&#x430;&#x434;&#x435;&#x442;&#x456;&#x432; ]</subfield>
  </datafield>
  <datafield tag="300" ind1=" " ind2=" ">
    <subfield code="a">&#x421;.15</subfield>
  </datafield>
  <datafield tag="955" ind1=" " ind2=" ">
    <subfield code="a">0</subfield>
  </datafield>
  <datafield tag="773" ind1="0" ind2=" ">
    <subfield code="w">0</subfield>
    <subfield code="t">&#x421;&#x456;&#x43C; &#x434;&#x43D;&#x456;&#x432;</subfield>
    <subfield code="d">&#x420;&#x456;&#x432;&#x43D;&#x435;</subfield>
    <subfield code="d">2003</subfield>
    <subfield code="g">&#x2116;36/5 &#x432;&#x435;&#x440;&#x435;&#x441;./</subfield>
  </datafield>
  <datafield tag="650" ind1=" " ind2="7">
    <subfield code="a">&#x414;&#x437;&#x44E;&#x434;&#x43E;</subfield>
    <subfield code="2">UDC</subfield>
  </datafield>
  <datafield tag="999" ind1=" " ind2=" ">
    <subfield code="c">301366</subfield>
    <subfield code="d">301366</subfield>
  </datafield>
</record>
